=LDR 00000nam 2200000 4500 =001 INLIS000000000005111 =005 20251008110800 =035 ##$$a 0010-1025000166 =007 ta =008 251008###########################0#ind## =082 ##$$a 362.198 =084 ##$$a 362.198 BAD w =100 #$$a Badan Koordinasi Keluarga Berencana Nasional =245 1#$$a WORKSHOP ON REPRODUCTIVE HEALTH AND QUALITATIVE RESEARCH /$c Kelompok Short Coursc Study =260 ##$$a Australia :$b Badan Koordinasi Keluarga Berencana Nasional,$c 1999 =300 ##$$a 9 Hal : $b ilus ; $c 21 =650 #4$$a Keluarga Berencana =856 ##$$a Perpustakaan Kemendukbangga